|
|
|
|
| LEADER |
00000nam2a2200000 4500 |
| 001 |
190478 |
| 005 |
20231031175919.0 |
| 035 |
|
|
|a (RuTPU)RU\TPU\book\207538
|
| 035 |
|
|
|a RU\TPU\book\207455
|
| 090 |
|
|
|a 190478
|
| 100 |
|
|
|a 20110124d1958 k y0rusy50 ca
|
| 101 |
0 |
|
|a rus
|
| 102 |
|
|
|a RU
|
| 105 |
|
|
|a a z 000zy
|
| 200 |
0 |
|
|a Т. 93
|
| 210 |
|
|
|c Изд-во Томского ун-та
|d 1958
|
| 215 |
|
|
|a 250 с.
|c рис., граф., табл., черт.
|
| 461 |
|
1 |
|0 (RuTPU)RU\TPU\book\200995
|t Известия Томского политехнического института [Известия ТПИ]
|f Томский политехнический институт (ТПИ)
|v Т. 93
|d 1944-1976
|
| 601 |
0 |
2 |
|a Томский политехнический институт (ТПИ)
|c (1944-1991)
|2 stltpush
|3 (RuTPU)RU\TPU\col\1123
|
| 610 |
1 |
|
|a научные исследования
|
| 610 |
1 |
|
|a клееные конструкции
|
| 610 |
1 |
|
|a щитовые перекрытия
|
| 610 |
1 |
|
|a рудные залежи
|
| 610 |
1 |
|
|a разработка
|
| 610 |
1 |
|
|a камерные запасы
|
| 610 |
1 |
|
|a угольные комбайны
|
| 610 |
1 |
|
|a крутопадающие пласты
|
| 610 |
1 |
|
|a горное давление
|
| 610 |
1 |
|
|a горные породы
|
| 610 |
1 |
|
|a классификация
|
| 610 |
1 |
|
|a буримость
|
| 610 |
1 |
|
|a шпуры
|
| 610 |
1 |
|
|a электровращательное бурение
|
| 610 |
1 |
|
|a уголь
|
| 610 |
1 |
|
|a газоотдача
|
| 610 |
1 |
|
|a крепь
|
| 610 |
1 |
|
|a шахтные стволы
|
| 610 |
1 |
|
|a геологические выработки
|
| 610 |
1 |
|
|a открытые горные разработки
|
| 610 |
1 |
|
|a метод геодезических засечек
|
| 610 |
1 |
|
|a обобщенные законы Гаусса
|
| 610 |
1 |
|
|a труды учёных ТПУ
|
| 675 |
|
|
|a 62
|v 3
|
| 801 |
|
1 |
|a RU
|b 63413507
|c 20090209
|g PSBO
|
| 801 |
|
2 |
|a RU
|b 63413507
|c 20130326
|g PSBO
|
| 942 |
|
|
|c BK
|